000 02179naa a2200277 i 4500
001 BPP
003 BPK
005 20191005094031.0
008 151204s2004 pl f |100 0 pol
040 _cBPK
080 _a621.3.037.37
100 _aBIAŁKO, Michał.
_d1996 - .
_bPolitechnika Koszalińska - Wydział Elektroniki,
_cKatedra Inżynierii Komputerowej
245 _aUkłady cyfrowe zbudowane w oparciu o bramki prądowe : stan obecny, perspektywy rozwoju i zastosowania /
_cMichał Białko, Oleg Maslennikow, Natalia Maslennikowa, Piotr Pawłowski.
260 _c2004.
500 _aDane z autopsji.
520 _aOmówiono stan obecny oraz perspektywy rozwoju i zastosowania bramek cyfrowych pracujących w trybie prądowym, a także różnego rodzaju układów cyfrowych zbudowanych z bramek prądowych. Opracowanie podsumowuje kilkuletnie badania autorów nad koncepcją bramki prądowej i jej realizacją, podstawami algebry bramek prądowych oraz sposobów projektowania i weryfikacji cyfrowych układów prądowych działających w standardowej logice binarnej (Boole'a), jak i w wielowartościowych logikach z podstawą. W pracy rozpatrzono również możliwość wykorzystania bramek prądowych w układach reprogramowalnych, w których w sposób programowy może być określony typ systemu liczbowego oraz jego podstawa N.
650 0 _aUkłady cyfrowe.
650 _aUkłady programowalne.
655 0 _aMateriały konferencyjne.
700 _aPAWŁOWSKI, Piotr.
_d1996 - .
_bPolitechnika Koszalińska - Wydział Elektroniki,
_cKatedra Systemów Elektronicznych
773 _iW :
_tTrzecia Krajowa Konferencja Elektroniki : materiały konferencji. T. 1/2. -
_dKoszalin : Wydaw. Uczelniane Politechniki Koszalińskiej, 2004. -
_gs. 83-93
711 _aKrajowa Konferencja Elektroniki
_n(3 ;
_d2004 ;
_cKołobrzeg, Polska).
_pKKE'2004
700 _aMaslennikow, Oleg
_d1996 - 2010.
_bPolitechnika Koszalińska - Wydział Elektroniki,
_cKatedra Inżynierii Komputerowej
700 _aMaslennikowa, Natalia
_d1999 - .
_bPolitechnika Koszalińska - Wydział Elektroniki,
_cKatedra Inżynierii Komputerowej
942 _cART
_2UKD
999 _c3682
_d3682